00241 a2200085 450000100060000004000220000624000350002824500330006365000590009651221 cAnchieta - Pituba10aDie Fetten Jahre Sind Vorbeil10aDie Fetten Jahre Sind Vorbei 4aLínguas germânicas (teutônicas) língua alemã